000 00785nab a2200229 4500
003 BR-BrBNA
005 20250627122359.0
008 250627b bl.||||| |||| 00| 0 por d
040 _aBR-BrBNA
_bpor
072 _aE14 ; E71
100 _aSavanachi, Eduardo
245 _aAgricultura tipo exportação
_bAgroeconomia
500 _a3 illus.
650 _aACORDO COMERCIAL
650 _aCOMÉRCIO EXTERIOR
650 _aCOOPERAÇÃO INTERNACIONAL
650 _aTRANSFERÊNCIA DE TECNOLOGIA
650 _aDIFUSÃO DE TECNOLOGIA
773 0 _01706
_9347889
_dSão Paulo-SP Editora Três Ltda - E-mail: luizfsa@revistadinheiro.com.br 2004
_o2025-0388
_tDinheiro Rural (Brazil)
_x1807-3700
_gv. 6(62) p. 28-30; (Dec 2009)
_wBR2025003653
942 _cANA
999 _c332262
_d332262